[Event "DVM U10 2014"]
[Site "Magdeburg GER"]
[Date "2014.12.28"]
[Round "4"]
[White "Grabbel, Torben Frederik"]
[Black "Scheer, Simon"]
[Result "1-0"]
[Termination "normal"]
[Board "15.3"]
[WhiteElo "600"]
[BlackElo "940"]
[WhiteTeam "Hamburger SK 2"]
[BlackTeam "Braunschweiger SF"]
[PlyCount "109"]
[WhiteFideId "16219180"]
[EventCountry "GER"]
[EventRounds "7"]
[EventType "team-swiss"]
[EventDate "2014.12.27"]

1. d4 d5 2. c4 dxc4 3. e4 Nf6 4. Nc3 Nc6 5. Nf3 Bg4 6. Be3 Bxf3 7. Qxf3 e6 8.
Bxc4 Bb4 9. O-O Bxc3 10. bxc3 e5 11. d5 Ne7 12. Rad1 O-O 13. Qg3 h6 14. Bxh6
Ng6 15. Bg5 a6 16. Qh3 b5 17. Be2 Rb8 18. Bh5 b4 19. cxb4 Rxb4 20. Rfe1 Rb2 21.
a3 Rxf2 22. Kxf2 Qe7 23. Kg1 a5 24. Rf1 Qd6 25. Rf2 Nxe4 26. Rf5 Nxg5 27. Rxg5
e4 28. Qg4 e3 29. Bxg6 fxg6 30. Rxg6 Qe7 31. Re6 Qf7 32. h3 e2 33. Rxe2 a4 34.
Qg3 Rd8 35. Rc1 Rd7 36. Rf2 Qe7 37. Rb2 Kh7 38. Qd3+ g6 39. Rc4 Qg5 40. Rbb4
Kg7 41. Qc3+ Kf7 42. Qh8 Rxd5 43. Rf4+ Rf5 44. Rg4 Qc1+ 45. Kh2 Qc6 46. Qh7+
Ke8 47. Rge4+ Kd8 48. Qe7+ Kc8 49. Red4 Rd5 50. Qf8+ Kd7 51. Qf7+ Kc8 52. Rxd5
Qd6+ 53. Rxd6 cxd6 54. Rb7 g5 55. Qd7# 1-0

[Event "DVM U10 2014"]
[Site "Magdeburg GER"]
[Date "2014.12.28"]
[Round "4"]
[White "Bangura, Benjamin"]
[Black "Müller, Linus"]
[Result "0-1"]
[Termination "normal"]
[Board "15.4"]
[WhiteElo "843"]
[BlackElo "600"]
[WhiteTeam "Braunschweiger SF"]
[BlackTeam "Hamburger SK 2"]
[PlyCount "57"]
[BlackFideId "16245946"]
[EventCountry "GER"]
[EventRounds "7"]
[EventType "team-swiss"]
[EventDate "2014.12.27"]

1. e4 e5 2. Nf3 Nc6 3. Nc3 Bc5 4. Bb5 a6 5. Bc4 Nf6 6. O-O O-O 7. d3 h6 8. Qe2
d6 9. h3 Be6 10. Bxe6 fxe6 11. Be3 Bb6 12. Bxb6 cxb6 13. Rfd1 d5 14. a3 Re8 15.
b3 b5 16. exd5 exd5 17. b4 d4 18. Ne4 Nxe4 19. Qxe4 Rf8 20. Rac1 Rf4 21. Qe1
Qd5 22. c3 e4 23. dxe4 Rxe4 24. Qd2 Rd8 25. cxd4 Nxd4 26. Nxd4 Rxd4 27. Qc3 Rc4
28. Qe3 Rxc1 29. Qxc1 {Rest nicht nachvollziehbar} 0-1

[Event "DVM U10 2014"]
[Site "Magdeburg GER"]
[Date "2014.12.28"]
[Round "4"]
[White "Schlie, Johann"]
[Black "Wang, Xinyuan"]
[Result "1/2-1/2"]
[Termination "normal"]
[Board "16.1"]
[WhiteElo "890"]
[BlackElo "1251"]
[WhiteTeam "Hagener SV 2"]
[BlackTeam "SG Königskinder Hohentübingen"]
[PlyCount "42"]
[WhiteFideId "16211596"]
[BlackFideId "16221494"]
[EventCountry "GER"]
[EventRounds "7"]
[EventType "team-swiss"]
[EventDate "2014.12.27"]

1. e4 c5 2. d4 cxd4 3. Qxd4 Nc6 4. Qa4 e6 5. Bb5 Qc7 6. Ne2 Nf6 7. O-O Bd6 8.
f4 Be7 9. Be3 Ng4 10. Bf2 g5 11. Bg3 Ne3 12. fxg5 Bd6 13. Rf3 Bxg3 14. Nxg3 Ng4
15. Nc3 Nce5 16. Rf4 Rg8 17. h3 Rxg5 18. hxg4 Rxg4 19. Nh5 Rxf4 20. Nxf4 Ng4
21. g3 Qc5+ 1/2-1/2

[Event "DVM U10 2014"]
[Site "Magdeburg GER"]
[Date "2014.12.28"]
[Round "4"]
[White "Jakob, Georg"]
[Black "Brunner, Alexander"]
[Result "1-0"]
[Termination "normal"]
[Board "16.2"]
[WhiteElo "979"]
[BlackElo "911"]
[WhiteTeam "SG Königskinder Hohentübingen"]
[BlackTeam "Hagener SV 2"]
[PlyCount "47"]
[WhiteFideId "16224221"]
[BlackFideId "12965278"]
[EventCountry "GER"]
[EventRounds "7"]
[EventType "team-swiss"]
[EventDate "2014.12.27"]

1. e4 e5 2. Nf3 Nc6 3. Bb5 Bc5 4. O-O d6 5. c3 Nf6 6. Re1 O-O 7. d4 Bb6 8. Nbd2
Bg4 9. dxe5 Nxe5 10. h3 Bh5 11. Be2 Nxf3+ 12. Bxf3 Bxf3 13. Qxf3 Re8 14. Nf1 d5
15. Ng3 Qd6 16. Bf4 Qc6 17. exd5 Rxe1+ 18. Rxe1 Qxd5 19. Qxd5 Nxd5 20. Bd2 Rd8
21. Kf1 Ne3+ 22. Bxe3 Bxe3 23. Rxe3 Rd2 24. Re8# 1-0

[Event "DVM U10 2014"]
[Site "Magdeburg GER"]
[Date "2014.12.28"]
[Round "4"]
[White "Schönfeld, Fynn"]
[Black "Dunder, Tim"]
[Result "0-1"]
[Termination "normal"]
[Board "16.3"]
[WhiteElo "909"]
[BlackElo "830"]
[WhiteTeam "Hagener SV 2"]
[BlackTeam "SG Königskinder Hohentübingen"]
[PlyCount "98"]
[WhiteFideId "16204859"]
[EventCountry "GER"]
[EventRounds "7"]
[EventType "team-swiss"]
[EventDate "2014.12.27"]

1. d4 d5 2. Bf4 Nc6 3. Nf3 Bg4 4. Nc3 Nf6 5. Nb5 Rc8 6. e3 a6 7. Nc3 e6 8. Be2
Bb4 9. Qd3 Ne4 10. Nd2 Bf5 11. Bf3 Nxc3 12. bxc3 Bxd3 13. cxb4 Nxb4 14. Rc1
Nxc2+ 15. Kd1 Nb4 16. Be2 Bxe2+ 17. Kxe2 Nxa2 18. Rb1 Nc3+ 19. Kd3 Nxb1 20.
Rxb1 b5 21. Nb3 g5 22. Be5 f6 23. Bg3 h5 24. f3 c5 25. dxc5 e5 26. Ra1 d4 27.
Rxa6 h4 28. Bf2 f5 29. Rd6 e4+ 30. fxe4 fxe4+ 31. Kxd4 Qe7 32. Kd5 Rd8 33. Be1
Qf7+ 34. Ke5 Rxd6 35. cxd6 Qxb3 36. Ba5 O-O 37. d7 Qb2+ 38. Kd6 Qa3+ 39. Kc7
Qxa5+ 40. Kd6 Rd8 41. Ke7 b4 42. Kf6 b3 43. Kg6 b2 44. g3 Rxd7 45. gxh4 gxh4
46. Kf6 b1=R 47. Ke6 Rc7 48. Kd6 Ra7 49. Kc6 Rb6# 0-1

[Event "DVM U10 2014"]
[Site "Magdeburg GER"]
[Date "2014.12.28"]
[Round "4"]
[White "Siol, Mats Lennart"]
[Black "Grund, Sebastian"]
[Result "0-1"]
[Termination "normal"]
[Board "17.1"]
[WhiteElo "1067"]
[BlackElo "1810"]
[WhiteTeam "SK Blauer Springer Paderborn 2"]
[BlackTeam "MTV 1876 Saalfeld"]
[PlyCount "114"]
[WhiteFideId "16229240"]
[BlackFideId "12988626"]
[EventCountry "GER"]
[EventRounds "7"]
[EventType "team-swiss"]
[EventDate "2014.12.27"]

1. d4 Nf6 2. Nc3 g6 3. e4 d6 4. Nf3 Bg7 5. Bc4 O-O 6. Be3 a6 7. a3 b5 8. Ba2
Bb7 9. Bh6 Bxh6 10. h4 Nxe4 11. Nxe4 Bxe4 12. Qe2 Bb7 13. h5 Bg7 14. hxg6 hxg6
15. O-O-O d5 16. Ng5 e6 17. Qg4 Re8 18. Rh7 Nd7 19. Qh4 Nf6 20. Rh1 Nxh7 21.
Qxh7+ Kf8 22. Qh4 Ke7 23. Ne4+ Kd7 24. Nc5+ Kc8 25. Qh7 Rh8 26. Qxg7 Rxh1+ 27.
Kd2 Qg5+ 28. Kc3 Kb8 29. Qxf7 Qd8 30. Qxe6 Rh8 31. Qxg6 Qd6 32. Qg7 Ka7 33. Nd3
Rag8 34. Qf7 Qg6 35. Qxc7 Qc6+ 36. Qxc6 Bxc6 37. Bb3 Rxg2 38. f4 Rc8 39. Kb4
Kb6 40. Nc5 a5+ 41. Kc3 Bb7 42. f5 Rxc5+ 43. dxc5+ Kxc5 44. f6 Rf2 45. Bxd5
Bxd5 46. b4+ axb4+ 47. axb4+ Kd6 48. Kd4 Rxf6 49. c3 Rf4+ 50. Kd3 Bc4+ 51. Ke3
Ke5 52. Kd2 Ke4 53. Kc2 Rf2+ 54. Kd1 Ke3 55. Kc1 Kd3 56. Kb1 Kxc3 57. Ka1 Rf1#
0-1

[Event "DVM U10 2014"]
[Site "Magdeburg GER"]
[Date "2014.12.28"]
[Round "4"]
[White "Gräf, Patrick"]
[Black "Nguyen, Frank"]
[Result "1-0"]
[Termination "normal"]
[Board "17.2"]
[WhiteElo "930"]
[BlackElo "600"]
[WhiteTeam "MTV 1876 Saalfeld"]
[BlackTeam "SK Blauer Springer Paderborn 2"]
[PlyCount "93"]
[EventCountry "GER"]
[EventRounds "7"]
[EventType "team-swiss"]
[EventDate "2014.12.27"]

1. e4 e5 2. Nf3 Nf6 3. Nxe5 d6 4. Nf3 Nxe4 5. Qe2 Qe7 6. d4 Nc6 7. Nc3 Bf5 8.
Nxe4 Bxe4 9. Bg5 f6 10. Bf4 Nb4 11. O-O-O Nxa2+ 12. Kb1 Nb4 13. Re1 Nxc2 14.
Qxe4 Nxe1 15. Qxe7+ Bxe7 16. Nxe1 O-O 17. Nf3 c5 18. d5 Rfe8 19. Bb5 Red8 20.
Re1 a6 21. Ba4 b5 22. Bc2 Re8 23. Bd2 a5 24. Bd3 c4 25. Bc2 b4 26. Ba4 Rf8 27.
Rxe7 c3 28. bxc3 bxc3 29. Bxc3 Rac8 30. Bd2 Rb8+ 31. Ka2 Rbc8 32. Nd4 Rfe8 33.
Bxe8 Kf8 34. Re1 Rxe8 35. Ne6+ Kf7 36. Ka3 g6 37. Bxa5 Ke7 38. Nc7+ Kd7 39.
Nxe8 f5 40. Nf6+ Kc8 41. Kb4 Kb7 42. Kb5 h5 43. Re7+ Kc8 44. Kc6 Kb8 45. Kb6
Kc8 46. Rd7 Kb8 47. Rd8# 1-0

[Event "DVM U10 2014"]
[Site "Magdeburg GER"]
[Date "2014.12.28"]
[Round "4"]
[White "Schäfer, Anton"]
[Black "Lorenz, Keana"]
[Result "0-1"]
[Termination "normal"]
[Board "17.3"]
[WhiteElo "782"]
[BlackElo "1089"]
[WhiteTeam "SK Blauer Springer Paderborn 2"]
[BlackTeam "MTV 1876 Saalfeld"]
[PlyCount "64"]
[BlackFideId "12990248"]
[EventCountry "GER"]
[EventRounds "7"]
[EventType "team-swiss"]
[EventDate "2014.12.27"]

1. d4 d5 2. Nf3 Nc6 3. c3 Bf5 4. Bf4 Nf6 5. e3 e6 6. Bb5 Be7 7. Nbd2 O-O 8. O-O
a6 9. Bxc6 bxc6 10. Qa4 Rb8 11. Qxc6 Rxb2 12. Bxc7 Qc8 13. Rfb1 Bxb1 14. Nxb1
Ne4 15. Na3 Bxa3 16. Nh4 Rd8 17. f3 Nd2 18. g3 Rd7 19. Qa4 Rxc7 20. Qxa3 Rc2
21. g4 R7xc3 22. Qe7 Rc1+ 23. Rxc1 Rxc1+ 24. Kg2 Qf8 25. Qg5 Qb8 26. f4 Ne4 27.
Qh5 Qb2+ 28. Kh3 Rf1 29. f5 Re1 30. fxe6 Rxe3+ 31. Nf3 Rxf3+ 32. Kh4 Qxh2# 0-1

[Event "DVM U10 2014"]
[Site "Magdeburg GER"]
[Date "2014.12.28"]
[Round "4"]
[White "Lorenz, Anouk"]
[Black "Brinkschröder, Josh"]
[Result "1-0"]
[Termination "normal"]
[Board "17.4"]
[WhiteElo "865"]
[BlackElo "779"]
[WhiteTeam "MTV 1876 Saalfeld"]
[BlackTeam "SK Blauer Springer Paderborn 2"]
[PlyCount "63"]
[WhiteFideId "12990256"]
[BlackFideId "16274903"]
[EventCountry "GER"]
[EventRounds "7"]
[EventType "team-swiss"]
[EventDate "2014.12.27"]

1. e4 e6 2. Bc4 Bc5 3. Nf3 Nf6 4. Nc3 Nc6 5. d3 O-O 6. Be3 Bb6 7. Qd2 Qe7 8.
O-O-O Ng4 9. h3 Nxe3 10. fxe3 Na5 11. Nb5 Nxc4 12. dxc4 c6 13. Nbd4 Qc5 14. Qd3
Qb4 15. Nb3 d5 16. exd5 exd5 17. Ng5 g6 18. Qe2 Ba5 19. Qf2 Qa4 20. Qh4 h5 21.
a3 b5 22. Nxa5 dxc4 23. g4 Kg7 24. Rdf1 f6 25. Ne4 f5 26. Nd6 Bd7 27. gxh5 Rh8
28. Rfg1 Rxh5 29. Qxh5 Kf8 30. Qh7 Be6 31. Rxg6 f4 32. Qg7# 1-0

[Event "DVM U10 2014"]
[Site "Magdeburg GER"]
[Date "2014.12.28"]
[Round "4"]
[White "Liebeskind, Pascal"]
[Black "Karl, Simon"]
[Result "1-0"]
[Termination "normal"]
[Board "18.1"]
[WhiteElo "1095"]
[BlackElo "1191"]
[WhiteTeam "TSG Apolda"]
[BlackTeam "SK Langen"]
[PlyCount "99"]
[WhiteFideId "16212380"]
[BlackFideId "16217985"]
[EventCountry "GER"]
[EventRounds "7"]
[EventType "team-swiss"]
[EventDate "2014.12.27"]

1. d4 g6 2. Nf3 Bg7 3. e4 d6 4. Be3 Nd7 5. c4 Ngf6 6. Nc3 O-O 7. Be2 e5 8. O-O
Re8 9. Qc2 Nb6 10. Rfd1 Bd7 11. Rac1 Qe7 12. dxe5 dxe5 13. Nb5 Bc6 14. c5 Bxe4
15. Qc3 Nbd5 16. Qa5 b6 17. Qa3 Red8 18. cxb6 Qxa3 19. bxa3 cxb6 20. Nxe5 Nxe3
21. fxe3 Rxd1+ 22. Rxd1 Nd5 23. Nc4 a6 24. Nbd6 Nc3 25. Rd2 Nxe2+ 26. Rxe2 Bd3
27. Rd2 Bxc4 28. Nxc4 b5 29. Nb6 Re8 30. Kf2 Bf8 31. Rd3 Bc5 32. Nd7 Ba7 33.
Nf6+ Kf8 34. Nxe8 Kxe8 35. Rd6 a5 36. Ra6 Bc5 37. Rxa5 f5 38. Rxb5 Bxa3 39. Rb7
h5 40. Rg7 Bc5 41. Kf3 Bd6 42. g3 h4 43. Rxg6 Be5 44. Re6+ Kf7 45. Rxe5 hxg3
46. hxg3 Kf6 47. Kf4 Kg6 48. Rxf5 Kg7 49. Kg5 Kg8 50. Kg6 1-0

[Event "DVM U10 2014"]
[Site "Magdeburg GER"]
[Date "2014.12.28"]
[Round "4"]
[White "Riegel, Simon"]
[Black "Henzgen, Nick"]
[Result "0-1"]
[Termination "normal"]
[Board "18.2"]
[WhiteElo "952"]
[BlackElo "1161"]
[WhiteTeam "SK Langen"]
[BlackTeam "TSG Apolda"]
[PlyCount "78"]
[WhiteFideId "34628410"]
[BlackFideId "16212347"]
[EventCountry "GER"]
[EventRounds "7"]
[EventType "team-swiss"]
[EventDate "2014.12.27"]

1. e4 e5 2. Nf3 Nc6 3. Nc3 Nf6 4. Bb5 Be7 5. O-O O-O 6. Bxc6 bxc6 7. Nxe5 Ba6
8. Re1 Re8 9. d3 Bf8 10. Nf3 d6 11. Bg5 Be7 12. Nd4 Bb7 13. Nf5 Nd5 14. Nxd5
cxd5 15. Nxe7+ Rxe7 16. Bxe7 Qxe7 17. exd5 Qg5 18. Qe2 h6 19. f3 Bxd5 20. c4
Be6 21. Qe4 Rb8 22. b3 Rd8 23. h4 Qf6 24. Qb7 Qd4+ 25. Kh1 Qxh4+ 26. Kg1 Qd4+
27. Kf1 Qxd3+ 28. Re2 Qd4 29. Rae1 Qc5 30. Qb5 Qd4 31. Re4 Qd3+ 32. R4e2 Bd7
33. Rd1 Qxd1+ 34. Re1 Qd3+ 35. Re2 Bxb5 36. cxb5 Re8 37. Kg1 Rxe2 38. a3 Qg6
39. g4 Qb1# 0-1

[Event "DVM U10 2014"]
[Site "Magdeburg GER"]
[Date "2014.12.28"]
[Round "4"]
[White "Kronhardt, Simon"]
[Black "Wettig, Lukas"]
[Result "1/2-1/2"]
[Termination "normal"]
[Board "18.4"]
[WhiteElo "600"]
[BlackElo "600"]
[WhiteTeam "SK Langen"]
[BlackTeam "TSG Apolda"]
[PlyCount "60"]
[EventCountry "GER"]
[EventRounds "7"]
[EventType "team-swiss"]
[EventDate "2014.12.27"]

1. d4 d5 2. Nf3 Nc6 3. Nc3 Nf6 4. Bg5 Bg4 5. Bxf6 exf6 6. e4 Bd6 7. Nxd5 O-O 8.
Bb5 a6 9. Bxc6 bxc6 10. Ne3 Bxf3 11. gxf3 Bb4+ 12. c3 Bd6 13. f4 Rb8 14. Nf5
Bxf4 15. Qg4 g6 16. Qxf4 gxf5 17. Rg1+ Kh8 18. Qg3 Rg8 19. Qxg8+ Qxg8 20. Rxg8+
Rxg8 21. Ke2 fxe4 22. Rh1 f5 23. Kf1 Re8 24. b4 e3 25. Ke1 Re4 26. fxe3 Rxe3+
27. Kf2 Rxc3 28. a4 -- 29. b5 axb5 30. a5 Ra3 1/2-1/2

[Event "DVM U10 2014"]
[Site "Magdeburg GER"]
[Date "2014.12.28"]
[Round "4"]
[White "Gölitz, Lia"]
[Black "Voß, Torben"]
[Result "0-1"]
[Termination "normal"]
[Board "19.1"]
[WhiteElo "850"]
[BlackElo "1025"]
[WhiteTeam "SG Blau-Weiß Stadtilm 2"]
[BlackTeam "Schachzwerge Magdeburg 2"]
[PlyCount "30"]
[WhiteFideId "16230116"]
[EventCountry "GER"]
[EventRounds "7"]
[EventType "team-swiss"]
[EventDate "2014.12.27"]

1. e4 e5 2. Nf3 Nc6 3. Bc4 Nf6 4. Nc3 Nxe4 5. Nxe4 d5 6. Bb5 dxe4 7. Nxe5 Qd5
8. Bxc6+ bxc6 9. Ng4 Bc5 10. Qe2 O-O 11. b3 Qd4 12. Rb1 Bxg4 13. Qxg4 Qxf2+ 14.
Kd1 e3 15. Bb2 Qxd2# 0-1

[Event "DVM U10 2014"]
[Site "Magdeburg GER"]
[Date "2014.12.28"]
[Round "4"]
[White "Joppich, Til"]
[Black "Kirsch, Martin"]
[Result "1-0"]
[Termination "normal"]
[Board "19.2"]
[WhiteElo "902"]
[BlackElo "770"]
[WhiteTeam "Schachzwerge Magdeburg 2"]
[BlackTeam "SG Blau-Weiß Stadtilm 2"]
[PlyCount "63"]
[WhiteFideId "16232917"]
[BlackFideId "2925630"]
[EventCountry "GER"]
[EventRounds "7"]
[EventType "team-swiss"]
[EventDate "2014.12.27"]

1. e4 e5 2. Nf3 Nc6 3. Bc4 Bc5 4. c3 Nf6 5. d4 exd4 6. cxd4 Nxd4 7. Nxd4 Bxd4
8. Qxd4 d5 9. exd5 Nxd5 10. Bxd5 Be6 11. Nc3 Qd7 12. Bg5 f6 13. Be3 b6 14. Qe4
O-O-O 15. Bxe6 Rhe8 16. Bxd7+ Rxd7 17. Qf5 Red8 18. Nb5 Kb8 19. O-O Rd5 20. Qc2
Rxb5 21. Bf4 Rc8 22. Rfd1 Rc5 23. Qxh7 Rc4 24. g3 g5 25. Qd3 Rb4 26. a3 Rxb2
27. Bc1 Rb5 28. Qxb5 c6 29. Qa6 c5 30. Rd7 Rc7 31. Rd8+ Rc8 32. Qxc8# 1-0

[Event "DVM U10 2014"]
[Site "Magdeburg GER"]
[Date "2014.12.28"]
[Round "4"]
[White "Möschwitzer, Luis"]
[Black "Telesh, Volodymyr"]
[Result "0-1"]
[Termination "normal"]
[Board "19.3"]
[WhiteElo "798"]
[BlackElo "777"]
[WhiteTeam "SG Blau-Weiß Stadtilm 2"]
[BlackTeam "Schachzwerge Magdeburg 2"]
[PlyCount "116"]
[EventCountry "GER"]
[EventRounds "7"]
[EventType "team-swiss"]
[EventDate "2014.12.27"]

1. e4 e5 2. Nf3 Nc6 3. Nc3 Nf6 4. Bc4 Bc5 5. d3 d6 6. Be3 Bxe3 7. fxe3 Bg4 8.
h3 Be6 9. Bb3 O-O 10. Qd2 Qd7 11. O-O-O Na5 12. Nd5 Nxd5 13. exd5 Bf5 14. Qxa5
b6 15. Qc3 Qe7 16. e4 Bd7 17. Qxc7 Rfc8 18. Qb7 Rcb8 19. Qa6 Bc8 20. Qb5 Bd7
21. Qb4 a5 22. Qe1 b5 23. a4 bxa4 24. Bxa4 Bxa4 25. g4 Rc8 26. Rd2 Qc7 27. Rhh2
Rab8 28. b3 Bd7 29. Kd1 a4 30. bxa4 Bxa4 31. Rdg2 Rb1+ 32. Ke2 Rxe1+ 33. Kxe1
Qb7 34. Kf1 Qb2 35. Ne1 Re8 36. h4 h6 37. c4 Qd4 38. g5 hxg5 39. hxg5 g6 40.
Rg1 Kf8 41. Rh3 Bd7 42. Nc2 Qb6 43. Re3 Ba4 44. Re2 Qa5 45. Kf2 Qb6+ 46. Ke1
Qxg1+ 47. Kd2 Qxg5+ 48. Kd1 Qg3 49. Kd2 Rb8 50. Re3 Qf2+ 51. Re2 Qb6 52. Kd1
Qb1+ 53. Kd2 Qxc2+ 54. Ke1 Qd1+ 55. Kf2 Qxd3 56. Re1 Rb2+ 57. Kg1 Qg3+ 58. Kf1
Qf2# 0-1

[Event "DVM U10 2014"]
[Site "Magdeburg GER"]
[Date "2014.12.28"]
[Round "4"]
[White "Stackfleth, Jarno"]
[Black "Langer, Paul Georg"]
[Result "0-1"]
[Termination "normal"]
[Board "19.4"]
[WhiteElo "600"]
[BlackElo "789"]
[WhiteTeam "Schachzwerge Magdeburg 2"]
[BlackTeam "SG Blau-Weiß Stadtilm 2"]
[PlyCount "54"]
[WhiteFideId "16252144"]
[BlackFideId "16230051"]
[EventCountry "GER"]
[EventRounds "7"]
[EventType "team-swiss"]
[EventDate "2014.12.27"]

1. e4 e5 2. Nf3 Nc6 3. Bc4 Bc5 4. Nc3 Nf6 5. O-O d6 6. d3 Be6 7. Bg5 h6 8. Bxf6
Qxf6 9. Bxe6 Qxe6 10. Nb5 O-O-O 11. Qd2 d5 12. exd5 Rxd5 13. Rae1 g5 14. c4 Rd7
15. Nc3 g4 16. Nh4 Rhd8 17. Re2 Rxd3 18. Qc2 Qxc4 19. Nf5 h5 20. Ng7 Qf4 21.
Nxh5 Qh6 22. Ng3 Rh8 23. h3 gxh3 24. Rc1 hxg2 25. Kxg2 Qh2+ 26. Kf1 Rxg3 27.
fxg3 Qh1# 0-1

[Event "DVM U10 2014"]
[Site "Magdeburg GER"]
[Date "2014.12.28"]
[Round "4"]
[White "Saage, Paul"]
[Black "Fritsch, Lea"]
[Result "0-1"]
[Termination "normal"]
[Board "20.1"]
[WhiteElo "907"]
[BlackElo "879"]
[WhiteTeam "Lübecker SV von 1873 2"]
[BlackTeam "USV Volksbank Halle"]
[PlyCount "104"]
[WhiteFideId "16233891"]
[BlackFideId "16212436"]
[EventCountry "GER"]
[EventRounds "7"]
[EventType "team-swiss"]
[EventDate "2014.12.27"]

1. e4 c5 2. Nf3 Nc6 3. Nc3 e6 4. Bb5 a6 5. Bxc6 dxc6 6. O-O Bd7 7. e5 Be7 8. d3
Qc7 9. Bf4 f6 10. Qd2 O-O-O 11. exf6 Bd6 12. Ne2 Nxf6 13. Rad1 Rhf8 14. d4 cxd4
15. Qxd4 Bxf4 16. Nxf4 Nd5 17. Qa7 Nxf4 18. Qa8+ Qb8 19. Qxb8+ Kxb8 20. Ne5 Kc7
21. Rd2 c5 22. Rfd1 Bc6 23. Nxc6 bxc6 24. g3 Nh3+ 25. Kg2 Ng5 26. f4 Ne4 27.
Kf3 Nxd2+ 28. Ke2 Nc4 29. b3 Nb6 30. a4 Rxd1 31. Kxd1 Rd8+ 32. Kc1 a5 33. h4
Rf8 34. c4 Kd6 35. h5 e5 36. Kd2 exf4 37. gxf4 Rxf4 38. Ke3 Rd4 39. Ke2 g6 40.
hxg6 hxg6 41. Ke3 g5 42. Kf3 g4+ 43. Kg3 Nd7 44. Kg2 Nf6 45. Kg1 Rd2 46. Kf1 g3
47. Kg1 Nh7 48. Kh1 Ng5 49. Kg1 Ne6 50. Kh1 Nf4 51. Kg1 Kc7 52. Kh1 Rd1# 0-1

[Event "DVM U10 2014"]
[Site "Magdeburg GER"]
[Date "2014.12.28"]
[Round "4"]
[White "Gärtner, Martin"]
[Black "Janssen, Mattis"]
[Result "0-1"]
[Termination "normal"]
[Board "20.2"]
[WhiteElo "808"]
[BlackElo "600"]
[WhiteTeam "USV Volksbank Halle"]
[BlackTeam "Lübecker SV von 1873 2"]
[PlyCount "62"]
[EventCountry "GER"]
[EventRounds "7"]
[EventType "team-swiss"]
[EventDate "2014.12.27"]

1. e4 e5 2. Nf3 Nc6 3. Bc4 Bc5 4. b4 Bxb4 5. c3 Bc5 6. d4 exd4 7. cxd4 Bb6 8.
Nc3 Ba5 9. Bd2 Nf6 10. O-O Bxc3 11. Bxc3 Nxe4 12. Qe2 d5 13. Bb5 Bf5 14. Ne5
Qf6 15. g4 Bd7 16. f3 Nxc3 17. Qe3 Nxb5 18. Nxd7+ Kxd7 19. g5 Qg6 20. Rae1 Rae8
21. Qd2 Ncxd4 22. Re3 Qxg5+ 23. Kf2 Qh4+ 24. Kg2 Re7 25. Kg1 Rhe8 26. Rfe1
Nxf3+ 27. Rxf3 Rxe1+ 28. Kg2 R1e2+ 29. Qxe2 Rxe2+ 30. Kf1 Qxh2 31. a3 Qg2# 0-1

[Event "DVM U10 2014"]
[Site "Magdeburg GER"]
[Date "2014.12.28"]
[Round "4"]
[White "Bornholdt, Joa Max"]
[Black "Rissel, Silas"]
[Result "1-0"]
[Termination "normal"]
[Board "20.3"]
[WhiteElo "600"]
[BlackElo "1019"]
[WhiteTeam "Lübecker SV von 1873 2"]
[BlackTeam "USV Volksbank Halle"]
[PlyCount "65"]
[WhiteFideId "16253477"]
[EventCountry "GER"]
[EventRounds "7"]
[EventType "team-swiss"]
[EventDate "2014.12.27"]

1. e4 e5 2. Bc4 Nf6 3. Nc3 Bc5 4. d3 O-O 5. Bg5 d5 6. Nxd5 Nbd7 7. Nxf6+ Nxf6
8. Qd2 h6 9. Bxh6 gxh6 10. Qxh6 Nh7 11. O-O-O Qf6 12. Qh5 Bxf2 13. Rf1 Bd7 14.
Ne2 Be3+ 15. Kb1 Bf4 16. g3 Qg6 17. Bxf7+ Qxf7 18. Qh4 c6 19. gxf4 exf4 20.
Rxf4 Qe6 21. Qh5 Be8 22. Rg1+ Bg6 23. Rxg6+ Qxg6 24. Qxg6+ Kh8 25. a3 Rg8 26.
Qd6 Rgf8 27. Qe5+ Kg8 28. Rg4+ Kf7 29. Qf5+ Ke8 30. Qe6+ Kd8 31. Rg7 Nf6 32.
Qe7+ Kc8 33. Qc7# 1-0

[Event "DVM U10 2014"]
[Site "Magdeburg GER"]
[Date "2014.12.28"]
[Round "4"]
[White "Stowicek, Yara Mathilda"]
[Black "Berger, Jan Peter"]
[Result "1-0"]
[Termination "normal"]
[Board "20.4"]
[WhiteElo "845"]
[BlackElo "600"]
[WhiteTeam "USV Volksbank Halle"]
[BlackTeam "Lübecker SV von 1873 2"]
[PlyCount "113"]
[WhiteFideId "16203569"]
[EventCountry "GER"]
[EventRounds "7"]
[EventType "team-swiss"]
[EventDate "2014.12.27"]

1. e4 e5 2. Nf3 Nc6 3. Bc4 Bc5 4. d3 d6 5. Nc3 Nf6 6. Bg5 Bg4 7. h3 Bxf3 8.
Qxf3 Nd4 9. Qd1 c6 10. Ne2 Nxe2 11. Qxe2 O-O 12. O-O Qe7 13. c3 h6 14. Bh4 Rfe8
15. b4 Bb6 16. b5 cxb5 17. Bxb5 Rec8 18. Rac1 Qe6 19. Bc4 d5 20. exd5 Nxd5 21.
Bxd5 Qxd5 22. Bg3 Bc7 23. c4 Qd6 24. f4 Bb6+ 25. Kh1 Bc7 26. fxe5 Qg6 27. Qf3
Re8 28. Rce1 f6 29. d4 Re7 30. exf6 gxf6 31. Rxe7 Bxg3 32. Qxb7 Rb8 33. Qd5+
Kh8 34. Rb7 Re8 35. Qf7 Qxf7 36. Rxf7 Kg8 37. R7xf6 Kg7 38. R6f3 Bh4 39. g3 Bg5
40. R1f2 Re6 41. Rf7+ Kg8 42. Rxa7 Bd8 43. Rff7 Bb6 44. Rab7 Bd8 45. Rfd7 Re8
46. a4 Re1+ 47. Kg2 Re2+ 48. Kf3 Re8 49. c5 Rf8+ 50. Ke3 Re8+ 51. Kd3 Rf8 52.
c6 Rf3+ 53. Kc4 Rf8 54. c7 Bxc7 55. Rbxc7 Kh8 56. Rh7+ Kg8 57. Rcg7# 1-0

[Event "DVM U10 2014"]
[Site "Magdeburg GER"]
[Date "2014.12.28"]
[Round "4"]
[White "Junghans, Richard"]
[Black "Kruse, Kilian"]
[Result "0-1"]
[Termination "normal"]
[Board "21.1"]
[WhiteElo "1024"]
[BlackElo "1167"]
[WhiteTeam "BSG Grün-Weiß Leipzig 3"]
[BlackTeam "SC Borussia 1920 Friedrichsfelde"]
[PlyCount "60"]
[WhiteFideId "16214544"]
[BlackFideId "16205413"]
[EventCountry "GER"]
[EventRounds "7"]
[EventType "team-swiss"]
[EventDate "2014.12.27"]

1. e4 c5 2. Nc3 d6 3. Bc4 Nf6 4. Nf3 Bg4 5. d3 Nc6 6. h3 Bxf3 7. Qxf3 g6 8. Nd5
Bg7 9. Nxf6+ exf6 10. c3 O-O 11. Be3 Ne5 12. Qe2 Nxc4 13. dxc4 Re8 14. Bf4 f5
15. f3 fxe4 16. fxe4 Re6 17. Kf2 Rf6 18. Qe3 g5 19. g3 gxf4 20. gxf4 Bh6 21.
Qg3+ Kh8 22. Kf3 Bxf4 23. Qxf4 Rxf4+ 24. Kxf4 Qh4+ 25. Kf5 Rg8 26. Rhg1 Rxg1
27. Rxg1 Qf2+ 28. Kg4 Qxg1+ 29. Kh4 h6 30. b4 Qg5# 0-1

[Event "DVM U10 2014"]
[Site "Magdeburg GER"]
[Date "2014.12.28"]
[Round "4"]
[White "Kraft, Adrian"]
[Black "Nguyen, Jenny Ha-Linh"]
[Result "1-0"]
[Termination "normal"]
[Board "21.2"]
[WhiteElo "963"]
[BlackElo "849"]
[WhiteTeam "SC Borussia 1920 Friedrichsfelde"]
[BlackTeam "BSG Grün-Weiß Leipzig 3"]
[PlyCount "79"]
[WhiteFideId "16235010"]
[BlackFideId "16209729"]
[EventCountry "GER"]
[EventRounds "7"]
[EventType "team-swiss"]
[EventDate "2014.12.27"]

1. e4 e5 2. Nf3 Nc6 3. Bb5 Bc5 4. O-O d6 5. Bxc6+ bxc6 6. Nc3 Bg4 7. d3 Nf6 8.
Bg5 O-O 9. h3 Be6 10. a3 Rb8 11. b4 Bd4 12. Nxd4 exd4 13. Ne2 h6 14. Bf4 d5 15.
Nxd4 Bd7 16. Qf3 c5 17. bxc5 Rb2 18. Qg3 Nh5 19. Qf3 Nxf4 20. Qxf4 Ba4 21. Qc1
Qb8 22. Rb1 Rxb1 23. Qxb1 Qc8 24. Qb4 Bd7 25. exd5 c6 26. c4 cxd5 27. cxd5 Qc7
28. c6 a5 29. Qb7 Qxb7 30. cxb7 Bc6 31. Nxc6 a4 32. b8=Q Rxb8 33. Nxb8 g5 34.
d6 Kf8 35. Rc1 Ke8 36. d7+ Kd8 37. d4 f6 38. d5 h5 39. d6 g4 40. Rc8# 1-0